In quest of freedom ; American political thought and practice /

Bibliographic Details
Main Author: Mason, Alpheus Thomas, 1899-1989
Other Authors: Leach, Richard H.
Format: Book
Language:English
Published: Englewood Cliffs, N.J. : Prentice-Hall, 1959.
Subjects:

MARC

Tag First Indicator Second Indicator Subfields
LEADER 00000cam a2200000 4500
001 in00000079515
005 20151008052859.0
008 791009s1959 nju b 00110 enge
010 |a  59011129  
035 |a (OCoLC)05508262 
035 |9 AAH5287AM 
040 |a DLC  |c EEA  |d TXA  |d UtOrBLW 
049 |a TXAM  |c [318466] 
050 0 0 |a JK31  |b .M35 
082 0 |a 342.739 
092 |a 342.739  |b M398i 
100 1 |a Mason, Alpheus Thomas,  |d 1899-1989. 
245 1 0 |a In quest of freedom ;  |b American political thought and practice /  |c [by] Alpheus Thomas Mason [and] Richard H. Leach. 
264 1 |a Englewood Cliffs, N.J. :  |b Prentice-Hall,  |c 1959. 
300 |a 568 pages ;  |c 24 cm. 
336 |a text  |b txt  |2 rdacontent 
337 |a unmediated  |b n  |2 rdamedia 
338 |a volume  |b nc  |2 rdacarrier 
504 |a Includes bibliography. 
650 0 |a Political science  |x History  |z United States. 
651 0 |a United States  |x Politics and government. 
700 1 |a Leach, Richard H. 
999 |a MARS 
999 f f |s 662e7ee3-9734-3adb-941e-0c8d9b039293  |i 82989715-3e3c-396e-bcab-25be80497980  |t 0 
952 f f |p ric  |a Texas A&M University  |b Rellis Campus  |c Joint Library Facility  |d Remote Storage  |t 0  |e JK31 .M35  |h Library of Congress classification  |i unmediated -- volume  |m A14800789724 
998 f f |a JK31 .M35  |t 0  |l Remote Storage